| 000 | 01042cam a2200325 a 4500 | ||
|---|---|---|---|
| 001 | 4442514 | ||
| 003 | ARRUPE | ||
| 005 | 20161026091848.0 | ||
| 008 | 810820s1981 nyu b 000 0 eng | ||
| 010 | _a81080983 | ||
| 020 | _a0809123568 (Paulist Press : pbk.) : | ||
| 020 | _a0802818218 (W.B. Eerdmans : pbk.) | ||
| 035 | _a(OCoLC)7369943 | ||
| 035 | _a(OCoLC)ocm07369943 | ||
| 035 | _a(NNC)4442514 | ||
| 040 |
_aDLC _cDLC _dNNUT _dCStRLIN |
||
| 050 | 0 |
_aBR127 _b.F35 |
|
| 090 |
_aBV2070 _b.M57 |
||
| 245 | 0 | 0 |
_aFaith meets faith / _cedited by Gerald H. Anderson and Thomas F. Stransky. |
| 260 |
_aNew York : _bPaulist Press ; _aGrand Rapids, Mich. : _bW.B. Eerdmans Pub. Co., _cc1981. |
||
| 300 |
_ax, 306 p. ; _c18 cm. |
||
| 490 | 1 |
_aMission trends ; _vno. 5 |
|
| 504 | _aIncludes bibliographies. | ||
| 650 | 0 |
_aMissions _xTheory. _xAddresses _926975 |
|
| 700 | 1 |
_aAnderson, Gerald H. _926976 |
|
| 700 | 1 |
_aStransky, Thomas F. _926977 |
|
| 830 | 0 |
_aMission trends ; _vno. 5. _926978 |
|
| 942 |
_2lcc _cMONOGRAPH |
||
| 999 |
_c125576 _d125576 |
||